Научно-исследовательская работа студентов; 70 лет кафедре гидрогеологии и инженерной геологии Томского политехнического университета

Bibliographische Detailangaben
Parent link:70 лет кафедре гидрогеологии и инженерной геологии Томского политехнического университета.— 2001.— С. 102-114
1. Verfasser: Дутова Е. М. Екатерина Матвеевна
Sprache:Russisch
Veröffentlicht: 2001
Schlagworte:
Format: MixedMaterials Buchkapitel
KOHA link:https://koha.lib.tpu.ru/cgi-bin/koha/opac-detail.pl?biblionumber=331168

MARC

LEADER 00000naa2a2200000 4500
001 331168
005 20240205141657.0
035 |a (RuTPU)RU\TPU\book\356961 
035 |a RU\TPU\book\162044 
090 |a 331168 
100 |a 20170417d2001 k y0rusy50 ca 
101 0 |a rus 
102 |a RU 
200 1 |a Научно-исследовательская работа студентов  |f Е. М. Дутова 
463 0 |0 (RuTPU)RU\TPU\book\30635  |y 5-89503-108-0  |t 70 лет кафедре гидрогеологии и инженерной геологии Томского политехнического университета  |o очерки  |v С. 102-114  |f Томский политехнический университет ; под ред. С. Л. Шварцева  |d 2001  |p 240 с. 
610 1 |a труды учёных ТПУ 
700 1 |a Дутова  |b Е. М.  |c гидрогеолог  |c профессор Томского политехнического университета, доктор геолого-минералогических наук  |f 1956-  |g Екатерина Матвеевна  |3 (RuTPU)RU\TPU\pers\26078  |9 11916 
801 1 |a RU  |b 63413507  |c 20081217  |g PSBO 
801 2 |a RU  |b 63413507  |c 20170417  |g PSBO 
942 |c BK